El comienzo del mundo: exposición a la luz de los avances científicos actuales

Gardado en:
Detalles Bibliográficos
Autor Principal: Riaza Morales, José María (Author)
Formato: Libro
Idioma:Lingua castelá
Publicado: Madrid Católica 1964
Edición:2a. ed
Series:Biblioteca de Autores Cristianos
Subjects:
Tags: Engadir etiqueta
Sen Etiquetas, Sexa o primeiro en etiquetar este rexistro!

MARC

LEADER 00000nam a2200000 a 4500
001 UCQ8229
003 CL-VaPUC
008 981209e19640000SP |||||||||||||||||spa|d
082 0 4 |a 523.1  |b RIA  |2 21 
100 0 |a Riaza Morales, José María  |e author  |9 422058 
245 1 3 |a El comienzo del mundo: exposición a la luz de los avances científicos actuales 
250 |a 2a. ed 
300 |a 691 p 
942 |c BK 
945 |d 19981209 00:00:00  |a cmena 
260 |a Madrid  |b Católica  |c 1964 
600 0 7 |a TIERRA  |2 CL-VaPUC  |9 369814 
650 7 |a CUERPOS CELESTES  |2 CL-VaPUC  |9 310384 
650 7 |a SISTEMA SOLAR  |2 CL-VaPUC  |9 268650 
650 0 |a Investigación científica  |9 259857 
650 0 |a Filosofía de las ciencias  |9 256466 
583 |a last modification  |c 19981209 00:00:00  |k Rodrigo Vera 
490 0 |a Biblioteca de Autores Cristianos 
999 |c 277517  |d 277515 
952 |0 0  |1 0  |4 0  |6 523_100000000000000_RIA_1964  |7 0  |8 A  |9 315504  |a BIBGIM  |b BIBGIM  |d 2019-11-20  |i 1497928  |o 523.1 RIA 1964  |p 1497928  |r 2025-01-15  |w 2019-11-20  |y BK  |k ORI